MARC

LEADER 00000nam0a2200000 4500
001 54401
005 20231031050617.0
010 |a 5020063681 
035 |a (RuTPU)RU\TPU\book\57052 
090 |a 54401 
100 |a 20030805d2003 km y0rusy50 ca 
101 0 |a rus 
102 |a RU 
105 |a a z 001zy 
200 1 |a Реликтовое излучение Вселенной  |f П. Д. Насельский, Д. И. Новиков, И. Д. Новиков  |g Российская академия наук; Физический институт им. П. Н. Лебедева 
210 |a Москва  |c Наука  |d 2003 
215 |a 390 с.  |c ил. 
320 |a Библиогр.: с. 379-390 
610 1 |a астрофизика 
610 1 |a космология 
610 1 |a Вселенная 
610 1 |a электромагнитное излучение 
610 1 |a кинетика 
610 1 |a ионизационная история 
610 1 |a реликтовое излучение 
610 1 |a поляризация 
610 1 |a анизотропия 
610 1 |a случайные поля 
675 |a 52:53  |v 3 
700 1 |a Насельский  |b П. Д.  |g Павел Давидович 
701 1 |a Новиков  |b Д. И.  |g Дмитрий Игоревич 
701 1 |a Новиков  |b И. Д.  |g Игорь Дмитриевич 
712 0 2 |a Российская академия наук (РАН)  |b Физический институт им. П. Н. Лебедева (ФИАН)  |c (Москва)  |2 stltpush  |3 (RuTPU)RU\TPU\col\3474 
801 1 |a RU  |b 63413507  |c 20030805  |g PSBO 
801 2 |a RU  |b 63413507  |c 20081222  |g PSBO 
942 |c BK